Ulice Starego Miasta w Krakowie - Statystyki

Ogólne statystyki
  • Ten quiz został rozwiązany 199 razy
    186 od ostatniego zresetowania
  • Średni wynik to 24 z 43
Odpowiedzi na mapie
Odpowiedzi zakodowano w zielono-czerwonej skali na mapie do tego quizu, zgodnie z poniższymi procentami.
 
Statystyki odpowiedzi
Odpowiedź % Poprawnych
Floriańska
91%
Grodzka
87%
Rynek Główny
78%
Szewska
74%
Mały Rynek
73%
Świętego Tomasza
69%
Basztowa
67%
Bracka
67%
Świętej Anny
67%
Świętego Jana
66%
Franciszkańska
64%
Świętego Marka
64%
Gołębia
63%
Plac Szczepański
63%
Szpitalna
62%
Świętej Gertrudy
61%
Dominikańska
59%
Sławkowska
59%
Szczepańska
59%
Plac Wszystkich Świętych
58%
Sienna
58%
Poselska
55%
Mikołajska
54%
Podwale
53%
Westerplatte
53%
Westerplatte
53%
Kanonicza
52%
Świętego Krzyża
50%
Wiślna
50%
Stolarska
49%
Straszewskiego
47%
Jagielońska
46%
Senacka
45%
Dunajewskiego
44%
Pijarska
41%
Plac Mariacki
39%
Świętego Idziego
38%
Plac Dominikański
36%
Plac Świętego Ducha
35%
Reformacka
33%
Reformacka
33%
Na Gródku
30%
Olszewskiego
27%
Nie znaleziono quizów pasujących do podanych kryteriów
Rozkład punktacji
Procent ludzi z każdym wynikiem
Percentyl według liczby udzielonych odpowiedzi
Twoja historia wyników
Nie rozwiązałeś tego quizu od ostatniego zresetowania